00652nam a2200229 a 4500001001300000003000900013005001700022008004100039020000900080082001600089100001500105245002400120260005100144300000800195500003500203650002400238700001500262902000800277942000700285952011500292999001500407nice12345678IN_TiNIC20260116012643.0080421s1959 tira grp 000 0 eng  ac2500a232.91bSIN aSinha, Rev aBehold, Jthy Mother aTiruchirapalli bCatholic Truth Society c1959 a32p aincludes index and biblioraphy aMary-Blessed Virgin1 aSinha, Rev bSRS cBK 001040708StackRoom-aHMIbHMId2008-04-21g25.00l0o232.91 SINp010744r2008-04-21v25.00w2008-04-21yBK c7823d7823